| 000 | 00411nam a2200133 a 4500 | ||
|---|---|---|---|
| 005 | 20140414093846.0 | ||
| 008 | 091124s19uu xx 00 eng d | ||
| 050 |
_aCDB 808.42 _bEXC-te3 2008 |
||
| 100 | _aSherman, Kristin D. | ||
| 245 |
_aExcellent English 3 : _bLanguage skills for success- Teacher's edition / _cKristin D. Sherman. |
||
| 650 |
_aEnglish language _xGrammar. |
||
| 942 | _cAVM | ||
| 999 |
_c109573 _d109573 |
||